1515 1472 1034 1265 1814 1234 1630 1083 1698 1172 1935 1731 1126 1354 1723 1484 1245 1926 1174 1263 1084 1088 1058 1500 1460 1760 1065 1390 1842 1507 1319 1803 1947 1845 1920 1109 1605 1720 1371 1420 1892 1225 1670 1149 1360 1076 1648 1243 1609 1716 1195 1532 1023 1464 1471 1226 1064 1321 1067 1245 1126 1106 1202 1368 1437 1338 1909 1433 1122 1327 1782 1957 1005 1580 1748 1500 1147 1648 1956 1159 1099 1024 1368 1941 1355 1085 1821 1983 1320 1899 1387 1942 1004 1885 1606 1352 1542 1713 1835 BCNSPRNW ULIB Ver.6.0+V

เปลี่ยนเป็นภาษาไทย

Change to English
 แสดงรายละเอียดบรรณานุกรม
  กลับหน้าหลัก

Brief Record : Get Marc (ISO 2709) : E-mail record : QR code < ปิดหน้าต่าง
LEADER : 00000nam 2200000uu 4500
001    13399122677
003     ULIB
008    130827s2554||||th 000 0 tha d
020    ^a9786162340390
060 04 ^aWL100^bว181ส
100 0  ^aวรกร วีระกุล
245 10 ^aสมองดี มีชัยไปกว่าครึ่ง เทคนิคง่ายๆ บำรุง ดูแล พัฒนา /^cวรกร วีระกุล
250    ^aพิมพ์ครั้งที่ 1
260    ^aกรุงเทพฯ :^bfeel good publishing,^c2554
300    ^a192 หน้า :^bภาพประกอบ ;^c21 ซม.
650  4 ^aสมอง
650  4 ^aความคิด
650  4 ^aความจำ
650  4 ^aประสาท, ระบบ
945    ^p155^l0^i20132
945    ^p155^l0^i20133
999    ^aทศพร เกษรทอง
รายการนี้ยังไม่มีแท็ก
คุณยังไม่ได้ล็อกอิน คุณสามารถมีกิจกรรมร่วมกับเว็บไซต์ได้ แต่ต้องล็อกอินก่อน ::
  ล็อกอิน

รายการสื่อสารสนเทศ

ลำดับที่ ประเภท เลขเรียก/บาร์โค้ด สถานที่ สถานะ
1. วิทยาศาสตร์การแพทย์ และสุขภาพ
วิทยาศาสตร์การแพทย์ และสุขภาพ
สถานะ=หนังสือเก่า
WL100 ว181ส ฉ.1 
  Barcode: 20132
ห้องสมุดวิทยาเขตนครสวรรค์
►ส่วนจัดเก็บหนังสือเก่า นว.
บนชั้น
  ขอยืม
2. วิทยาศาสตร์การแพทย์ และสุขภาพ
วิทยาศาสตร์การแพทย์ และสุขภาพ
สถานะ=หนังสือเก่า
WL100 ว181ส ฉ.2 
  Barcode: 20133
ห้องสมุดวิทยาเขตนครสวรรค์
►ส่วนจัดเก็บหนังสือเก่า นว.
บนชั้น
  ขอยืม

รายการใกล้เคียง
    ผู้แต่ง [วรกร วีระกุล]

    หัวเรื่อง [สมอง]
    หัวเรื่อง [ความคิด]
    หัวเรื่อง [ความจำ]
    หัวเรื่อง [ประสาท, ระบบ]

BibComment


ยังไม่เคยถูกคอมเมนท์

คอมเมนท์ทรัพยากรรายการนี้
  คอมเมนท์: สมองดี มีชัยไปกว..


 Copyright 2026. Bcnsprnw @Library